ARRUPE JESUIT UNIVERSITY

CORONAVIRUS -STOP THE SPREAD - CLEAN,DISINFECT,COVER

Recovering Paul's mother tongue : (Record no. 121163)

MARC details
000 -LEADER
fixed length control field 01432cam a2200301 a 4500
001 - CONTROL NUMBER
control field 14767204
003 - CONTROL NUMBER IDENTIFIER
control field ARRUPE
005 - DATE AND TIME OF LATEST TRANSACTION
control field 20141103180305.0
008 - FIXED-LENGTH DATA ELEMENTS--GENERAL INFORMATION
fixed length control field 070313s2007 miu b 001 0 eng
010 ## - LIBRARY OF CONGRESS CONTROL NUMBER
LC control number 2007009969
020 ## - INTERNATIONAL STANDARD BOOK NUMBER
International Standard Book Number 9780802831651 (pbk. : alk. paper)
020 ## - INTERNATIONAL STANDARD BOOK NUMBER
International Standard Book Number 0802831656 (pbk. : alk. paper)
035 ## - SYSTEM CONTROL NUMBER
System control number (OCoLC)ocm85892371
035 ## - SYSTEM CONTROL NUMBER
System control number (OCoLC)85892371
040 ## - CATALOGING SOURCE
Original cataloging agency DLC
Transcribing agency DLC
Modifying agency DLC
050 00 - LIBRARY OF CONGRESS CALL NUMBER
Classification number BS2685.52
Item number .E27 2007
082 00 - DEWEY DECIMAL CLASSIFICATION NUMBER
Classification number 227/.406
Edition number 22
300 ## - PHYSICAL DESCRIPTION
Dimensions 23 cm.
100 1# - MAIN ENTRY--PERSONAL NAME
Personal name Eastman, Susan Grove,
Dates associated with a name 1952-
9 (RLIN) 12352
245 10 - TITLE STATEMENT
Title Recovering Paul's mother tongue :
Remainder of title language and theology in Galatians /
Statement of responsibility, etc Susan Eastman.
260 ## - PUBLICATION, DISTRIBUTION, ETC. (IMPRINT)
Place of publication, distribution, etc Grand Rapids, Mich :
Name of publisher, distributor, etc Eerdmans,
Date of publication, distribution, etc 2007.
300 ## - PHYSICAL DESCRIPTION
Extent xiv, 206 p. ;
504 ## - BIBLIOGRAPHY, ETC. NOTE
Bibliography, etc Includes bibliographical references and indexes.
505 0# - FORMATTED CONTENTS NOTE
Formatted contents note "The torturer became the mother" -- "Become like me!" Mimetic transformations in Galatians 4:12-20 -- Paul among the prophets -- Galatians 4:19: a labor of divine love -- "Children of the free woman" -- Two "family trees": the opposition between the flesh and the spirit -- Paul's mother tongue and the staying power of the Gospel.
630 00 - SUBJECT ADDED ENTRY--UNIFORM TITLE
Uniform title Bible.
Name of part/section of a work Galatians
General subdivision Criticism, interpretation, etc.
9 (RLIN) 12353
906 ## - LOCAL DATA ELEMENT F, LDF (RLIN)
a 7
b cbc
c orignew
d 1
e ecip
f 20
g y-gencatlg
942 ## - ADDED ENTRY ELEMENTS (KOHA)
Source of classification or shelving scheme Library of Congress Classification
Koha item type Monograph ( Printed materials)
Holdings
Withdrawn status Lost status Source of classification or shelving scheme Damaged status Not for loan Collection code Home library Current library Shelving location Date acquired Total Checkouts Full call number Barcode Date last seen Price effective from Koha item type
    Library of Congress Classification     Main Collection ARRUPE LIBRARY ARRUPE LIBRARY Main Collection 03/11/2014   BS2685.52 .E27 2007 46500001493 03/11/2014 03/11/2014 Monograph ( Printed materials)

 

Arrupe Library. PO Box MP320 Mt Pleasant, Harare, Zimbabwe
263 242 745411|librarian@aju.ac.zw